000 00552nam a2200181Ia 4500
003 GCL
008 140319s9999 xx 000 0 eng d
040 _aGCL /
_cGCL
082 0 4 _a658.0546
_bG A
100 1 _aGOLDMAN, JAMESE E
245 1 0 _aAPPLIED DATA COMMUNICATIONS: A BUSINESS ORIENTED APPROACH /
_cGOLDMAN, JAMESE E
260 _a[S.N] :
_bJOHN WILEY AND SONS. INC ،
_c1995
300 _a643 P
650 0 4 _aELECTRONIC DATA INTECHANGE
650 0 4 _aBUSINESS, COMMUNICATION SYSTEM
650 0 4 _aCOMPUTER NETWORK, PLANNING
942 _2ddc
_cBK
999 _c13666
_d13666